01541nam a2200337 i 4500003000900000005001700009008004100026040004600067041000800113082002900121092000700150099003700157100005600194245010700250264006700357300003300424336002200457337002400479338003300503504005000536546004100586650006000627651001000687700003800697856005700735905001300792942001900805999001700824952018100841952018101022EG-GICUC20260121101222.0251115s1995    ua ||||fr|||| 00| 0 ara d  a EG-GICUCbarac EG-GICUCd EG-GICUCerda0 aara04221a341.84bف ؤ . ا04221  aLaw1 12	341.84 ف ؤ . ا 19950 aفؤاد عبدالمنعم رياضeمؤلف.10a اصول تنازع القوانين /cفؤاد عبدالمنعم رياض،سامية راشد .  a القاهرة :bدار النهضة العربية،c1995.  a341 ؛ صفحةc24 سم.b   2rda contentatext  2rda mediaaComputer  2rda carrieraOnline Resource  a. 240-220 ببليوجرافيا: صفحات.  aالنص باللغة العربية1 aتنازع القوانينxقانون دولي2qrmak1 2qrmak0 aسامية راشد eمؤلف.40uhttps://fll.law.cu.edu.eg/fulltext/bks/B12-01237.pdf  a75eYara  2ddcn0cBKe21  c43304d43304  00102ddc40718القانون الدولي الخاصaCUbLAW1d2025-11-15l0oLaw1 12	341.84 ف ؤ . ا 1995 1201237	C1pB12-01237r2025-11-15 14:06:40t1w2025-11-15yBK  00102ddc40708القانون الدولي الخاصaCUbLAW1d2025-11-25l0oLaw1 12	341.84 ف ؤ . ا 1995 1201552	C2pB12-01552r2025-11-25 19:47:19t2w2025-11-25yBK